00543cam a22002291 4500001001300000003000400013005001700017008004100034010001700075025001900092035002000111040002100131042001200152050002100164100002900185245002700214260001100241300001500252500001600267500001300283999001700296sa 65003038 DLC20260227112120.0940805m19649999ii 000 1 beno  asa 65003038  aPL480:I-B-1668 a(OCoLC)30890282 aDLCcCUdCUdDLC apremarc00aPK1718.D263bA831 aDas, Sri Krishna,d1929-10aAparicita andhakāre. c[1964- av.c22 cm. aIn Bengali. aA novel. c62938d62938